Statistiken für Die flächenmäßig 20 größten Städte in Deutschland

Klicken Sie hier um das Quiz zu spielen!

Allgemein

  • Dieses Quiz wurde 271 mal gespielt
  • Das Durchschnittsergebnis liegt bei 14 aus 20

Antwortstatistiken

#Fläche
(km²)
Stadt% Korrekt
1891,68Berlin
100%
2755,22Hamburg
100%
6310,70München
98%
3405,02Köln
96%
5325,56Bremen
94%
12248,31Frankfurt am Main
93%
20207,35Stuttgart
93%
9280,71Dortmund
90%
4328,48Dresden
87%
8297,80Leipzig
86%
17217,41Düsseldorf
85%
19210,34Essen
81%
13232,80Duisburg
67%
10269,88Erfurt
52%
7303,28Münster
51%
11258,82Bielefeld
47%
16221,05Chemnitz
43%
18214,21Lübeck
40%
14226,43Hamm
25%
15223,92Salzgitter
9%

Verteilung der Resultate

Perzentil nach korrekt beantworteten Fragen

Anzahl Personen mit jedem Resultat

Ihre Resultats-Entwicklung

Sie haben dieses Quiz noch nicht gespielt